000
00315nam a2200133Ia 4500
008
150301s2015 xx 000 0 und d
082
_a
615.531
_b
E13K
100
_a
ASHUTOSH KAR
245
_a
ESSENTIALS OF PHARMACOGHOSY
260
_b
APH - DELHI
300
_a
645
650
_a
PHARMACOGNOSY
942
_2
ddc
_c
BK
_0
12
999
_c
7130
_d
7130